书目信息 |
| 题名: |
定语和状语
|
|
| 作者: | 朱德熙 | |
| 分册: | ||
| 出版信息: | 上海 上海教育出版社 1984 |
|
| 页数: | 46页 | |
| 开本: | 20cm | |
| 丛书名: | ||
| 单 册: | ||
| 中图分类: | H043 | |
| 科图分类: | ||
| 主题词: | 语法学 | |
| 电子资源: | ||
| ISBN: | ||
| 000 | 00465nam0 2200181 450 | |
| 001 | 0728815141 | |
| 005 | 20070819080015.14 | |
| 010 | @d¥0.15 | |
| 100 | @a20070819d km y0chiy0120 ea | |
| 101 | 0 | @achi |
| 200 | 1 | @a定语和状语@Ading yu he zhuang yu@f朱德熙@Fzhu de xi |
| 210 | @a上海@c上海教育出版社@d1984 | |
| 215 | @a46页@d20cm | |
| 606 | 0 | @a语法学 |
| 690 | @aH043@v3 | |
| 701 | 0 | @a朱德熙@Azhu de xi |
| 801 | 0 | @aCN@bPFT@c20070819 |
| 905 | @a213230@dH043@eZW6@f1 | |
| 定语和状语/朱德熙.-上海:上海教育出版社,1984 |
| 46页;20cm |
| ISBN :¥0.15 |
| ● |
| 相关链接 |
|
|
|
|
正题名:定语和状语
索取号:H043/ZW6
 
预约/预借
| 序号 | 登录号 | 条形码 | 馆藏地/架位号 | 状态 | 备注 |
| 1 | 7614950 | 276149507 | 密集书库-文学院/ [索取号:H043/ZW6] | 在馆 | |
| 2 | 7614951 | 276149516 | 密集书库-文学院/ [索取号:H043/ZW6] | 在馆 |